00401nam a22001457a 4500020001800000082001200018100001400030245002100044260003300065300000800098650001200106942000700118952011300125999001700238 a0-02-934130-2 a296 WEB aWeber Max aAncient Judaism  aLondonbThe Free Pressc1967 a484 aJudaism cBK 00104070aHMIbHMId2017-07-04eamzoneg1687.00l2o296 WEBp25293r2020-01-22s2020-01-14w2017-07-04yBK c20500d20500